[Event "Czech-ch U18-20 Open 2022"]
[Site "Spindleruv Mlyn"]
[Date "2022.03.13"]
[Round "4.6"]
[White "Mladek, Richard"]
[Black "Vojta, Jakub"]
[Result "1/2-1/2"]
[WhiteElo "2374"]
[BlackElo "2406"]
[Annotator "TA"]
[PlyCount "80"]
[EventDate "2022.03.10"]
[EventType "tourn"]
[EventCountry "CZE"]
[SourceTitle "playchess.com"]
[Source "ChessBase"]
[SourceQuality "1"]

{[%evp 9,80,14,38,47,61,53,58,54,46,47,53,46,54,41,45,58,49,2,17,39,53,18,24,25,16,5,43,30,75,54,54,29,37,26,33,20,37,35,38,44,74,69,59,62,62,68,128,90,147,130,152,80,211,143,163,90,86,100,97,0,0,0,21,6,5,0,0,0,0,0,0,0,0]} 1. d4 Nf6 2. c4 {[%cal Bc2c4,Bc4b5][%mdl 32]} c5 3. d5 b5 4. cxb5 a6 5. bxa6 g6 6. Nc3 {A58: Benko/Volga Gambit: Lines with 5 bxa6.} Bg7 7. e4 {Hoping for e5.} O-O 8. a7 {White is slightly better.} Rxa7 9. Nf3 e6 10. Be2 exd5 11. exd5 d6 12. O-O Na6 13. Qa4 {[#]} (13. Nb5 $14 {might be stronger.} Rd7 14. Bc4) 13... Bb7 $146 (13... Bf5 $5) ({Predecessor:} 13... Bf5 14. Bg5 h6 15. Bf4 Ra8 16. Bxa6 Bc8 17. Rfe1 Rxa6 18. Qd1 Bb7 19. Qd3 Rb6 {0-1 (25) Kellett,S (1984)-Farmer,M (1983) ICCF email 2018}) 14. Rd1 Ra8 15. Bc4 (15. Qh4 $5 {[%cal Rc1g5]}) 15... Re8 16. a3 Nc7 17. Qc2 Bc8 (17... Ba6 $5 {[%cal Ra6c4]} 18. b3 Ng4 $14) 18. h3 Ba6 (18... Bf5 $11 19. Bd3 Bc8) 19. Bxa6 Rxa6 20. Bg5 {[%cal Oc3e4]} Qa8 {[%cal Rc7d5]} 21. Qd3 Rb8 22. Rab1 Nd7 23. Re1 {And now Re7 would win.} Nb6 {[%cal Rb6d5]} 24. Rbd1 Na4 25. Nxa4 Rxa4 26. Re7 Ne8 27. Bc1 {[%cal Bg5c1,Bc1e3,Be3f4][%mdl 32] White is more active.} c4 (27... Nf6 $14) 28. Qe2 {[%cal Oe7f7] Strongly threatening Rxf7!} Bf6 (28... Ra7 $142) 29. Re4 $16 Rc8 30. Rf4 (30. Re1 $142 {[%cal Re4e8]} Nc7 31. Rxc4) 30... Kg7 (30... c3 $16 31. bxc3 Bxc3) 31. Be3 {Threatens to win with Bd4.} c3 {aiming for ...Rxf4.} 32. bxc3 (32. Bd4 $1 $18) 32... Rxf4 33. Bxf4 Rxc3 {[#]} 34. Ng5 (34. Rd3 $1 $16) 34... Rxa3 $11 {The position is equal.} 35. Ne4 Qa6 (35... Ra1 $5 {[%cal Ra8d5]}) 36. Qd2 (36. Qe1 {seems wilder.} Ra2 37. Nxf6 Nxf6 38. Qc3 Qe2 39. Rf1) 36... Ra1 37. Kh2 Rxd1 38. Qxd1 Qc4 39. f3 Bd4 40. Kh1 Nf6 {Weighted Error Value: White=0.15 (very precise) /Black=0.13 (very precise)} (40... Qxd5 $2 {[#]} 41. Be3 $1 {[%mdl 512]} f6 42. Bxd4 $18) 1/2-1/2

[Event "Czech-ch U18-20 Open 2022"]
[Site "Spindleruv Mlyn"]
[Date "2022.03.14"]
[Round "5.1"]
[White "Vojta, Jakub"]
[Black "Mica, Marek"]
[Result "0-1"]
[WhiteElo "2406"]
[BlackElo "2272"]
[Annotator "ChessBase"]
[PlyCount "94"]
[EventDate "2022.03.10"]
[EventType "tourn"]
[EventCountry "CZE"]
[SourceTitle "playchess.com"]
[Source "ChessBase"]
[SourceQuality "1"]
[TimeControl "40/5400+30:1800+30"]

1. Nf3 {[%emt 0:00:03]} d5 {[%emt 0:00:07]} 2. g3 {[%emt 0:00:18]} c6 {[%emt 0:00:11]} 3. Bg2 {[%emt 0:00:27]} Bg4 {[%emt 0:00:05]} 4. c4 {[%emt 0:03:03]} e6 {[%emt 0:00:24]} 5. O-O {[%emt 0:02:44]} Nf6 {[%emt 0:00:14]} 6. d3 {[%emt 0:05:32]} Nbd7 {[%emt 0:00:49]} 7. b3 {[%emt 0:00:44]} Bd6 {[%emt 0:03:14]} 8. Bb2 {[%emt 0:00:15]} O-O {[%emt 0:00:52]} 9. d4 {[%emt 0:05:08]} Bf5 {[%emt 0:08:34]} 10. Nbd2 {[%emt 0:05:46]} h6 {[%emt 0:00:37]} 11. a3 {[%emt 0:07:37]} b5 {[%emt 0:05:33]} 12. Ne5 {[%emt 0:07:28]} bxc4 {[%emt 0:18:09]} 13. Nxd7 {[%emt 0:06:43]} Qxd7 {[%emt 0:00:16]} 14. bxc4 {[%emt 0:00:04]} Rab8 {[%emt 0:00:52]} 15. Bc3 {[%emt 0:00:17]} Rfd8 {[%emt 0:02:53]} 16. Qa4 {[%emt 0:01:45]} Bc7 {[%emt 0:03:21]} 17. Rac1 {[%emt 0:06:32]} Bb6 {[%emt 0:01:41]} 18. Nf3 {[%emt 0:05:13]} c5 {[%emt 0:08:43]} 19. Qxd7 {[%emt 0:01:03]} Rxd7 {[%emt 0:00:07]} 20. Ne5 {[%emt 0:06:02]} Rc7 {[%emt 0:09:38]} 21. cxd5 {[%emt 0:08:29]} exd5 {[%emt 0:07:30]} 22. dxc5 {[%emt 0:00:31]} Rxc5 {[%emt 0:01:18]} 23. Bb4 {[%emt 0:00:53]} Rxc1 {[%emt 0:00:34]} 24. Rxc1 {[%emt 0:00:04]} Re8 {[%emt 0:01:08]} 25. Bd6 {[%emt 0:03:24]} Ng4 {[%emt 0:06:24]} 26. Nxg4 {[%emt 0:01:56]} Bxg4 {[%emt 0:00:47]} 27. Bc5 {[%emt 0:17:27]} Rc8 {[%emt 0:02:05]} 28. Be3 {[%emt 0:00:01]} Bxe3 {[%emt 0:01:09]} 29. Rxc8+ {[%emt 0:00:02]} Bxc8 {[%emt 0:00:10]} 30. fxe3 {[%emt 0:00:02]} Bb7 {[%emt 0:00:12]} 31. Kf2 {[%emt 0:00:19]} Kf8 {[%emt 0:00:06]} 32. Ke1 {[%emt 0:01:06]} Ke7 {[%emt 0:00:51]} 33. Kd2 {[%emt 0:00:04]} Kd6 {[%emt 0:00:09]} 34. Bf3 {[%emt 0:01:41]} Ke5 {[%emt 0:02:36]} 35. Kc3 {[%emt 0:01:09]} a5 {[%emt 0:00:46]} 36. Kd3 {[%emt 0:00:49]} Bc8 {[%emt 0:00:42]} 37. Kc3 {[%emt 0:00:33]} Bd7 {[%emt 0:00:50]} 38. Kd3 {[%emt 0:01:28]} g5 {[%emt 0:03:51]} 39. Kc3 {[%emt 0:02:40]} g4 {[%emt 0:00:15]} 40. Bg2 {[%emt 0:00:13]} Bf5 {[%emt 0:01:21]} 41. Kb3 {[%emt 0:03:20]} Be4 {[%emt 0:02:39]} 42. Bf1 {[%emt 0:00:17]} Bh1 {[%emt 0:00:26]} 43. Ka4 {[%emt 0:04:24]} Ke4 {[%emt 0:00:11]} 44. Kxa5 {[%emt 0:00:09]} Kxe3 {[%emt 0:00:07]} 45. Kb5 {[%emt 0:00:35]} Kf2 {[%emt 0:00:12]} 46. Kc5 {[%emt 0:00:13]} Kxf1 {[%emt 0:00:55]} 47. Kd4 {[%emt 0:00:01]} Kxe2 {[%emt 0:00:18]} 0-1

[Event "Czech-ch U18-20 Open 2022"]
[Site "Spindleruv Mlyn"]
[Date "2022.03.14"]
[Round "5.2"]
[White "Svanda, Ondrej"]
[Black "Mladek, Richard"]
[Result "1/2-1/2"]
[WhiteElo "2303"]
[BlackElo "2374"]
[Annotator "ChessBase"]
[PlyCount "61"]
[EventDate "2022.03.10"]
[EventType "tourn"]
[EventCountry "CZE"]
[SourceTitle "playchess.com"]
[Source "ChessBase"]
[SourceQuality "1"]
[TimeControl "40/5400+30:1800+30"]

1. Nf3 {[%emt 0:00:04]} d5 {[%emt 0:00:13]} 2. g3 {[%emt 0:00:06]} Nf6 {[%emt 0:00:38]} 3. Bg2 {[%emt 0:00:08]} e6 {[%emt 0:02:21]} 4. c4 {[%emt 0:00:08]} Be7 {[%emt 0:01:01]} 5. O-O {[%emt 0:00:08]} O-O {[%emt 0:00:03]} 6. d4 {[%emt 0:00:06]} dxc4 {[%emt 0:00:32]} 7. Qc2 {[%emt 0:00:05]} a6 {[%emt 0:00:16]} 8. a4 {[%emt 0:00:06]} Bd7 {[%emt 0:00:37]} 9. Qxc4 {[%emt 0:00:07]} Bc6 {[%emt 0:00:04]} 10. Bg5 {[%emt 0:00:05]} Nbd7 {[%emt 0:03:24]} 11. Nc3 {[%emt 0:00:37]} h6 {[%emt 0:02:41]} 12. Bxf6 {[%emt 0:00:02]} Nxf6 {[%emt 0:00:17]} 13. Rfd1 {[%emt 0:00:13]} a5 {[%emt 0:06:23]} 14. Qd3 {[%emt 0:03:51]} Bxf3 {[%emt 0:01:37]} 15. Bxf3 {[%emt 0:00:05]} c6 {[%emt 0:00:08]} 16. e3 {[%emt 0:05:51]} Qb6 {[%emt 0:03:23]} 17. Qc2 {[%emt 0:02:22]} Rfd8 {[%emt 0:02:12]} 18. Rac1 {[%emt 0:01:48]} g6 {[%emt 0:04:02]} 19. Kg2 {[%emt 0:00:06]} Kg7 {[%emt 0:00:32]} 20. h4 {[%emt 0:00:05]} h5 {[%emt 0:02:15]} 21. Ne4 {[%emt 0:21:20]} Nxe4 {[%emt 0:00:15]} 22. Bxe4 {[%emt 0:00:18]} Rd7 {[%emt 0:01:59]} 23. Rd3 {[%emt 0:00:29]} Rad8 {[%emt 0:01:03]} 24. Rcd1 {[%emt 0:01:05]} Qb4 {[%emt 0:15:28]} 25. Bf3 {[%emt 0:10:25]} Qb6 {[%emt 0:00:18]} 26. Rb3 {[%emt 0:00:33]} Qc7 {[%emt 0:01:14]} 27. Rbd3 {[%emt 0:00:02]} Qb6 {[%emt 0:00:11]} 28. Rb3 {[%emt 0:00:04]} Qc7 {[%emt 0:00:03]} 29. Rbd3 {[%emt 0:00:01]} Qb6 {[%emt 0:00:05]} 30. Rb3 {[%emt 0:00:07]} Qc7 {[%emt 0:00:01]} 31. Rbd3 {[%emt 0:00:08]} 1/2-1/2

[Event "Czech-ch U18-20 Open 2022"]
[Site "Spindleruv Mlyn"]
[Date "2022.03.14"]
[Round "5.3"]
[White "Gloser, David"]
[Black "Ocelak, Jakub"]
[Result "1/2-1/2"]
[WhiteElo "2238"]
[BlackElo "2053"]
[Annotator "ChessBase"]
[PlyCount "63"]
[EventDate "2022.03.10"]
[EventType "tourn"]
[EventCountry "CZE"]
[SourceTitle "playchess.com"]
[Source "ChessBase"]
[SourceQuality "1"]
[TimeControl "40/5400+30:1800+30"]

1. e4 {[%emt 0:00:03]} e5 {[%emt 0:00:22]} 2. Nf3 {[%emt 0:00:16]} Nc6 {[%emt 0:00:05]} 3. Bc4 {[%emt 0:00:09]} Bc5 {[%emt 0:00:05]} 4. d3 {[%emt 0:01:28]} Nf6 {[%emt 0:00:07]} 5. O-O {[%emt 0:00:42]} O-O {[%emt 0:00:07]} 6. Bg5 {[%emt 0:00:40]} h6 {[%emt 0:00:34]} 7. Bh4 {[%emt 0:01:07]} Be7 {[%emt 0:00:21]} 8. Nbd2 {[%emt 0:08:12]} d6 {[%emt 0:04:25]} 9. c3 {[%emt 0:05:35]} Kh8 {[%emt 0:12:19]} 10. b4 {[%emt 0:08:42]} Nh7 {[%emt 0:09:24]} 11. Bxe7 {[%emt 0:02:53]} Nxe7 {[%emt 0:00:56]} 12. d4 {[%emt 0:04:49]} Ng6 {[%emt 0:00:22]} 13. Re1 {[%emt 0:04:35]} Qf6 {[%emt 0:10:28]} 14. h3 {[%emt 0:03:24]} Nf4 {[%emt 0:03:31]} 15. Bf1 {[%emt 0:04:38]} Ng5 {[%emt 0:11:40]} 16. Nxg5 {[%emt 0:02:54]} Qxg5 {[%emt 0:00:08]} 17. Kh2 {[%emt 0:01:03]} Qf6 {[%emt 0:02:51]} 18. Qf3 {[%emt 0:05:44]} Qg5 {[%emt 0:05:13]} 19. Re3 {[%emt 0:05:10]} Be6 {[%emt 0:04:06]} 20. g3 {[%emt 0:03:23]} Ng6 {[%emt 0:00:51]} 21. Qe2 {[%emt 0:01:15]} Qf6 {[%emt 0:03:50]} 22. Nf3 {[%emt 0:01:13]} c6 {[%emt 0:02:45]} 23. Bg2 {[%emt 0:03:36]} Rfd8 {[%emt 0:03:32]} 24. a4 {[%emt 0:02:13]} Qe7 {[%emt 0:05:09]} 25. Qb2 {[%emt 0:00:43]} Qc7 {[%emt 0:01:58]} 26. Rc1 {[%emt 0:02:44]} a5 {[%emt 0:06:09]} 27. Rb1 {[%emt 0:05:40]} axb4 {[%emt 0:01:19]} 28. Qxb4 {[%emt 0:00:12]} Ra7 {[%emt 0:00:10]} 29. Rd3 {[%emt 0:01:51]} Rda8 {[%emt 0:00:35]} 30. dxe5 {[%emt 0:01:23]} dxe5 {[%emt 0:00:21]} 31. a5 {[%emt 0:02:11]} Rxa5 {[%emt 0:04:57]} 32. Qxb7 {[%emt 0:00:06]} 1/2-1/2

[Event "Czech-ch U18-20 Open 2022"]
[Site "Spindleruv Mlyn"]
[Date "2022.03.14"]
[Round "5.4"]
[White "Babula, Vlastimil"]
[Black "Frank, Adam"]
[Result "1/2-1/2"]
[WhiteElo "2558"]
[BlackElo "2270"]
[Annotator "TA"]
[PlyCount "74"]
[EventDate "2022.03.10"]
[EventType "tourn"]
[EventCountry "CZE"]
[SourceTitle "playchess.com"]
[Source "ChessBase"]
[SourceQuality "1"]

{[%evp 19,74,9,18,2,9,4,76,15,20,27,17,14,13,16,15,14,12,14,25,22,20,17,13,11,11,0,0,0,0,0,0,0,0,0,0,0,0,0,33,31,37,0,0,0,0,0,0,0,0,0,0,0,0,0,0,0,0]} 1. e4 c5 2. Nf3 Nf6 3. e5 Nd5 4. Nc3 e6 5. Nxd5 exd5 6. d4 Nc6 7. dxc5 Bxc5 8. Bd3 d6 9. exd6 O-O 10. O-O Qxd6 11. c3 {11.h3 is the hot move. B29: Sicilian: 2 Nf3 Nf6 (Nimzowitsch Variation).} Re8 12. Qa4 d4 {[#]} (12... h6 $11) 13. cxd4 $146 (13. Ng5 $1 $16) ({Predecessor:} 13. Ng5 h6 14. Bh7+ Kf8 15. Ne4 Rxe4 16. Bxe4 Bd7 17. Qc2 Re8 18. Bd2 Bb6 19. Rae1 {1-0 (26) Socko,B (2528)-Krogulski,G (2252) Zakopane 2000}) 13... Bxd4 $11 14. Nxd4 Qxd4 15. Qxd4 Nxd4 16. Be3 {This bishop pair is nice.} Bf5 17. Rad1 Bxd3 18. Rxd3 Ne6 19. Rd7 b6 20. Rfd1 Rad8 21. Kf1 Kf8 22. b4 Rxd7 23. Rxd7 Re7 24. Rxe7 Kxe7 {[%mdl 4096] Endgame KB-KN} 25. Ke2 Kd6 26. Kd3 Kc6 27. a4 {[%cal Ba2a4,Ba4a5][%mdl 32]} a6 28. Ke4 b5 29. a5 Nc7 30. f4 Nd5 {The position is equal.} 31. Bc5 g6 32. g3 Nf6+ 33. Kd4 Ng4 34. h3 Nf6 35. g4 {To avoid Nh5} Nd5 36. Ke4 Nf6+ 37. Kd4 Nd5 {Weighted Error Value: White=0.08 (flawless) /Black=0.08 (flawless)} 1/2-1/2

[Event "Czech-ch U18-20 Open 2022"]
[Site "Spindleruv Mlyn"]
[Date "2022.03.14"]
[Round "5.5"]
[White "Lajbl, Jan"]
[Black "Hlavina, Matous"]
[Result "1/2-1/2"]
[WhiteElo "2218"]
[BlackElo "2112"]
[Annotator "ChessBase"]
[PlyCount "125"]
[EventDate "2022.03.10"]
[EventType "tourn"]
[EventCountry "CZE"]
[SourceTitle "playchess.com"]
[Source "ChessBase"]
[SourceQuality "1"]
[TimeControl "40/5400+30:1800+30"]

1. e4 {[%emt 0:07:24]} e6 {[%emt 0:00:07]} 2. d4 {[%emt 0:00:03]} d5 {[%emt 0:00:05]} 3. Nd2 {[%emt 0:00:19]} c5 {[%emt 0:00:10]} 4. Ngf3 {[%emt 0:00:43]} cxd4 {[%emt 0:00:50]} 5. Nxd4 {[%emt 0:01:37]} Nc6 {[%emt 0:00:31]} 6. Bb5 {[%emt 0:00:56]} Bd7 {[%emt 0:00:09]} 7. Nxc6 {[%emt 0:00:17]} bxc6 {[%emt 0:00:08]} 8. Bd3 {[%emt 0:00:05]} Bd6 {[%emt 0:02:01]} 9. Qe2 {[%emt 0:03:47]} Qc7 {[%emt 0:01:49]} 10. Nf3 {[%emt 0:03:37]} dxe4 {[%emt 0:12:29]} 11. Bxe4 {[%emt 0:02:46]} Nf6 {[%emt 0:00:15]} 12. Bd3 {[%emt 0:02:45]} Nd5 {[%emt 0:02:51]} 13. O-O {[%emt 0:05:37]} Rb8 {[%emt 0:04:21]} 14. c4 {[%emt 0:05:40]} Nf4 {[%emt 0:01:32]} 15. Qc2 {[%emt 0:08:42]} c5 {[%emt 0:02:42]} 16. Rd1 {[%emt 0:03:53]} Bc6 {[%emt 0:03:01]} 17. Be4 {[%emt 0:01:44]} Ng6 {[%emt 0:01:15]} 18. b3 {[%emt 0:08:14]} Ne5 {[%emt 0:04:37]} 19. Bxc6+ {[%emt 0:06:59]} Qxc6 {[%emt 0:01:50]} 20. Ng5 {[%emt 0:03:52]} Ng4 {[%emt 0:06:07]} 21. h3 {[%emt 0:08:43]} Bh2+ {[%emt 0:06:06]} 22. Kh1 {[%emt 0:06:46]} Be5 {[%emt 0:00:25]} 23. Bb2 {[%emt 0:03:59]} Bxb2 {[%emt 0:01:10]} 24. Qxb2 {[%emt 0:00:09]} Nf6 {[%emt 0:00:16]} 25. Qe5 {[%emt 0:00:57]} O-O {[%emt 0:01:23]} 26. Rd6 {[%emt 0:00:56]} Qb7 {[%emt 0:03:01]} 27. Re1 {[%emt 0:04:37]} Rbc8 {[%emt 0:02:24]} 28. Rd3 {[%emt 0:04:50]} Qc7 {[%emt 0:01:21]} 29. Qe3 {[%emt 0:01:24]} Rfd8 {[%emt 0:01:41]} 30. Red1 {[%emt 0:00:26]} h6 {[%emt 0:02:37]} 31. Nf3 {[%emt 0:00:10]} Rxd3 {[%emt 0:01:45]} 32. Qxd3 {[%emt 0:00:07]} Qf4 {[%emt 0:01:20]} 33. Kg1 {[%emt 0:00:53]} Kf8 {[%emt 0:01:41]} 34. g3 {[%emt 0:02:01]} Qc7 {[%emt 0:01:15]} 35. Qe3 {[%emt 0:00:06]} Nd7 {[%emt 0:03:26]} 36. Qe4 {[%emt 0:01:46]} Nf6 {[%emt 0:03:20]} 37. Qe3 {[%emt 0:00:04]} Nd7 {[%emt 0:00:12]} 38. Kg2 {[%emt 0:00:03]} Qc6 {[%emt 0:00:58]} 39. Kh2 {[%emt 0:01:51]} Qc7 {[%emt 0:00:19]} 40. Qc3 {[%emt 0:00:08]} Nf6 {[%emt 0:01:13]} 41. Qe3 {[%emt 0:05:55]} Nd7 {[%emt 0:00:29]} 42. Nd2 {[%emt 0:00:31]} Nf6 {[%emt 0:01:05]} 43. Nb1 {[%emt 0:01:03]} a6 {[%emt 0:00:42]} 44. Nc3 {[%emt 0:00:13]} Qc6 {[%emt 0:01:32]} 45. Na4 {[%emt 0:03:28]} Ke7 {[%emt 0:01:01]} 46. f3 {[%emt 0:00:59]} Qc7 {[%emt 0:01:51]} 47. Kg2 {[%emt 0:04:43]} Nh5 {[%emt 0:01:17]} 48. Qe1 {[%emt 0:05:51]} Nf6 {[%emt 0:01:01]} 49. Rd3 {[%emt 0:00:40]} Nh5 {[%emt 0:01:19]} 50. Rd2 {[%emt 0:00:43]} Nf6 {[%emt 0:00:35]} 51. Re2 {[%emt 0:00:40]} Kf8 {[%emt 0:02:03]} 52. Rd2 {[%emt 0:01:02]} Ke7 {[%emt 0:00:51]} 53. a3 {[%emt 0:01:14]} Qc6 {[%emt 0:01:31]} 54. Qe3 {[%emt 0:00:40]} Rc7 {[%emt 0:01:33]} 55. Qe5 {[%emt 0:00:50]} Rc8 {[%emt 0:01:00]} 56. Nc3 {[%emt 0:01:13]} Qc7 {[%emt 0:00:43]} 57. Qe3 {[%emt 0:01:07]} Qc6 {[%emt 0:00:59]} 58. Nd5+ {[%emt 0:01:30]} Nxd5 {[%emt 0:00:43]} 59. cxd5 {[%emt 0:00:06]} Qd6 {[%emt 0:01:06]} 60. dxe6 {[%emt 0:02:18]} Qxe6 {[%emt 0:00:34]} 61. Qd3 {[%emt 0:00:45]} Kf8 {[%emt 0:03:47]} 62. Re2 {[%emt 0:00:14]} c4 {[%emt 0:03:08]} 63. Qd1 {[%emt 0:07:19]} 1/2-1/2

[Event "Czech-ch U18-20 Open 2022"]
[Site "Spindleruv Mlyn"]
[Date "2022.03.14"]
[Round "5.6"]
[White "Stalmach, Richard"]
[Black "Kusa, Jakub"]
[Result "0-1"]
[WhiteElo "2302"]
[BlackElo "2298"]
[Annotator "ChessBase"]
[PlyCount "100"]
[EventDate "2022.03.10"]
[EventType "tourn"]
[EventCountry "CZE"]
[SourceTitle "playchess.com"]
[Source "ChessBase"]
[SourceQuality "1"]
[TimeControl "40/5400+30:1800+30"]

1. d4 {[%emt 0:00:03]} Nf6 {[%emt 0:00:20]} 2. c4 {[%emt 0:00:07]} e6 {[%emt 0:00:07]} 3. Nc3 {[%emt 0:00:06]} d5 {[%emt 0:00:11]} 4. cxd5 {[%emt 0:00:06]} exd5 {[%emt 0:00:08]} 5. Bg5 {[%emt 0:00:12]} Nbd7 {[%emt 0:00:42]} 6. e3 {[%emt 0:00:16]} c6 {[%emt 0:00:17]} 7. Bd3 {[%emt 0:00:07]} Be7 {[%emt 0:00:30]} 8. Nge2 {[%emt 0:00:07]} O-O {[%emt 0:01:26]} 9. Qc2 {[%emt 0:00:59]} Re8 {[%emt 0:00:47]} 10. O-O {[%emt 0:00:46]} h6 {[%emt 0:01:35]} 11. Bh4 {[%emt 0:02:39]} Nh5 {[%emt 0:01:53]} 12. Bxe7 {[%emt 0:01:06]} Qxe7 {[%emt 0:00:06]} 13. Rae1 {[%emt 0:09:19]} Nb6 {[%emt 0:03:42]} 14. Nc1 {[%emt 0:03:23]} Be6 {[%emt 0:03:30]} 15. Nb3 {[%emt 0:01:14]} Nc8 {[%emt 0:03:46]} 16. f3 {[%emt 0:07:25]} Nd6 {[%emt 0:04:57]} 17. e4 {[%emt 0:03:52]} Nf4 {[%emt 0:03:10]} 18. e5 {[%emt 0:01:47]} Nc4 {[%emt 0:02:14]} 19. Bxc4 {[%emt 0:10:18]} dxc4 {[%emt 0:00:08]} 20. Nc5 {[%emt 0:00:10]} Rad8 {[%emt 0:18:09]} 21. Rd1 {[%emt 0:12:18]} b6 {[%emt 0:08:57]} 22. N5e4 {[%emt 0:01:33]} Nd3 {[%emt 0:02:08]} 23. Ne2 {[%emt 0:12:16]} Bf5 {[%emt 0:04:12]} 24. N4g3 {[%emt 0:04:28]} Bh7 {[%emt 0:01:44]} 25. Qxc4 {[%emt 0:04:57]} Nxb2 {[%emt 0:00:17]} 26. Qxc6 {[%emt 0:00:05]} Nxd1 {[%emt 0:00:22]} 27. Rxd1 {[%emt 0:00:04]} Qa3 {[%emt 0:03:04]} 28. f4 {[%emt 0:02:37]} Rc8 {[%emt 0:02:51]} 29. Qd7 {[%emt 0:02:18]} Qe3+ {[%emt 0:04:37]} 30. Kh1 {[%emt 0:01:29]} Bd3 {[%emt 0:02:42]} 31. Ng1 {[%emt 0:02:37]} Red8 {[%emt 0:01:57]} 32. Qxa7 {[%emt 0:02:08]} Bc2 {[%emt 0:01:10]} 33. Rf1 {[%emt 0:00:41]} Qxd4 {[%emt 0:00:23]} 34. f5 {[%emt 0:00:42]} Qxe5 {[%emt 0:03:06]} 35. Qxb6 {[%emt 0:00:37]} Bd3 {[%emt 0:02:06]} 36. Rd1 {[%emt 0:00:13]} Qc5 {[%emt 0:01:40]} 37. Qb2 {[%emt 0:02:33]} Qc2 {[%emt 0:01:10]} 38. Qxc2 {[%emt 0:00:40]} Bxc2 {[%emt 0:00:12]} 39. Rxd8+ {[%emt 0:01:40]} Rxd8 {[%emt 0:00:01]} 40. h3 {[%emt 0:00:09]} Ra8 {[%emt 0:00:15]} 41. Nf3 {[%emt 0:30:09]} Rxa2 {[%emt 0:30:27]} 42. Kh2 {[%emt 0:00:26]} Ba4 {[%emt 0:02:08]} 43. Ne5 {[%emt 0:00:14]} Rc2 {[%emt 0:01:08]} 44. f6 {[%emt 0:04:04]} g6 {[%emt 0:01:01]} 45. Ng4 {[%emt 0:01:26]} Bc6 {[%emt 0:01:22]} 46. Ne3 {[%emt 0:00:05]} Ra2 {[%emt 0:02:01]} 47. Kg1 {[%emt 0:00:24]} h5 {[%emt 0:00:40]} 48. Ngf1 {[%emt 0:00:55]} Re2 {[%emt 0:00:23]} 49. h4 {[%emt 0:00:46]} Kf8 {[%emt 0:00:38]} 50. Kh2 {[%emt 0:00:05]} Rf2 {[%emt 0:00:20]} 0-1

[Event "Czech-ch U18-20 Open 2022"]
[Site "Spindleruv Mlyn"]
[Date "2022.03.14"]
[Round "6.1"]
[White "Mica, Marek"]
[Black "Kusa, Jakub"]
[Result "1/2-1/2"]
[WhiteElo "2272"]
[BlackElo "2298"]
[Annotator "ChessBase"]
[PlyCount "65"]
[EventDate "2022.03.10"]
[EventType "tourn"]
[EventCountry "CZE"]
[SourceTitle "playchess.com"]
[Source "ChessBase"]
[SourceQuality "1"]
[TimeControl "40/5400+30:1800+30"]

1. d4 {[%emt 0:00:03]} Nf6 {[%emt 0:00:11]} 2. c4 {[%emt 0:00:06]} e6 {[%emt 0:00:06]} 3. Nc3 {[%emt 0:00:08]} d5 {[%emt 0:00:15]} 4. cxd5 {[%emt 0:00:05]} exd5 {[%emt 0:00:06]} 5. Bg5 {[%emt 0:00:10]} Nbd7 {[%emt 0:00:28]} 6. e3 {[%emt 0:00:14]} c6 {[%emt 0:00:27]} 7. Bd3 {[%emt 0:00:12]} Be7 {[%emt 0:00:20]} 8. Nge2 {[%emt 0:00:19]} O-O {[%emt 0:01:34]} 9. Qc2 {[%emt 0:00:23]} Re8 {[%emt 0:00:44]} 10. O-O {[%emt 0:00:16]} h6 {[%emt 0:02:01]} 11. Bh4 {[%emt 0:00:08]} Nh5 {[%emt 0:00:42]} 12. Bxe7 {[%emt 0:00:08]} Qxe7 {[%emt 0:00:06]} 13. Rae1 {[%emt 0:00:24]} Nb6 {[%emt 0:03:45]} 14. Nc1 {[%emt 0:00:11]} Be6 {[%emt 0:04:45]} 15. Nb3 {[%emt 0:00:23]} Rad8 {[%emt 0:00:32]} 16. Nc5 {[%emt 0:00:21]} Nc8 {[%emt 0:06:27]} 17. f3 {[%emt 0:00:36]} b6 {[%emt 0:01:55]} 18. Nxe6 {[%emt 0:00:49]} Qxe6 {[%emt 0:01:11]} 19. b3 {[%emt 0:09:06]} Qd6 {[%emt 0:08:47]} 20. Qf2 {[%emt 0:03:31]} Re7 {[%emt 0:02:53]} 21. g4 {[%emt 0:02:37]} Nf6 {[%emt 0:00:38]} 22. Ne2 {[%emt 0:01:21]} c5 {[%emt 0:05:52]} 23. Ng3 {[%emt 0:05:39]} g6 {[%emt 0:00:50]} 24. h4 {[%emt 0:02:51]} Rde8 {[%emt 0:04:49]} 25. Kg2 {[%emt 0:09:04]} cxd4 {[%emt 0:05:06]} 26. exd4 {[%emt 0:00:11]} Rxe1 {[%emt 0:02:09]} 27. Rxe1 {[%emt 0:00:22]} Rxe1 {[%emt 0:00:45]} 28. Qxe1 {[%emt 0:00:12]} Ne7 {[%emt 0:02:16]} 29. Qe3 {[%emt 0:02:02]} Kg7 {[%emt 0:01:05]} 30. g5 {[%emt 0:11:12]} hxg5 {[%emt 0:04:46]} 31. hxg5 {[%emt 0:00:10]} Ne8 {[%emt 0:01:16]} 32. f4 {[%emt 0:00:54]} Qe6 {[%emt 0:01:42]} 33. Qxe6 {[%emt 0:06:08]} 1/2-1/2

[Event "Czech-ch U18-20 Open 2022"]
[Site "Spindleruv Mlyn"]
[Date "2022.03.14"]
[Round "6.2"]
[White "Hlavina, Matous"]
[Black "Stalmach, Richard"]
[Result "1/2-1/2"]
[WhiteElo "2112"]
[BlackElo "2302"]
[Annotator "ChessBase"]
[PlyCount "59"]
[EventDate "2022.03.10"]
[EventType "tourn"]
[EventCountry "CZE"]
[SourceTitle "playchess.com"]
[Source "ChessBase"]
[SourceQuality "1"]
[TimeControl "40/5400+30:1800+30"]

1. b3 {[%emt 0:02:15]} e5 {[%emt 0:02:12]} 2. Bb2 {[%emt 0:00:06]} Nc6 {[%emt 0:00:55]} 3. c4 {[%emt 0:01:35]} g6 {[%emt 0:02:40]} 4. Nf3 {[%emt 0:01:33]} Bg7 {[%emt 0:00:08]} 5. e3 {[%emt 0:01:32]} d6 {[%emt 0:01:20]} 6. Be2 {[%emt 0:01:52]} Nge7 {[%emt 0:03:03]} 7. d4 {[%emt 0:01:13]} O-O {[%emt 0:00:25]} 8. Nc3 {[%emt 0:04:40]} a6 {[%emt 0:05:35]} 9. Qd2 {[%emt 0:01:23]} Bg4 {[%emt 0:02:16]} 10. Nxe5 {[%emt 0:07:15]} dxe5 {[%emt 0:04:03]} 11. Bxg4 {[%emt 0:00:59]} exd4 {[%emt 0:00:12]} 12. exd4 {[%emt 0:00:57]} Nxd4 {[%emt 0:00:24]} 13. O-O-O {[%emt 0:08:32]} c5 {[%emt 0:03:06]} 14. Rhe1 {[%emt 0:01:59]} Nec6 {[%emt 0:02:15]} 15. Nd5 {[%emt 0:01:52]} b5 {[%emt 0:01:00]} 16. Be2 {[%emt 0:01:18]} a5 {[%emt 0:07:02]} 17. cxb5 {[%emt 0:04:18]} Qxd5 {[%emt 0:01:33]} 18. Bf3 {[%emt 0:05:07]} Qd6 {[%emt 0:06:14]} 19. Bxc6 {[%emt 0:01:56]} Ra7 {[%emt 0:03:30]} 20. Kb1 {[%emt 0:05:10]} a4 {[%emt 0:02:17]} 21. b4 {[%emt 0:02:23]} Qxh2 {[%emt 0:06:38]} 22. g3 {[%emt 0:02:31]} Qh5 {[%emt 0:04:54]} 23. bxc5 {[%emt 0:04:51]} Nxc6 {[%emt 0:00:06]} 24. Bxg7 {[%emt 0:01:00]} Kxg7 {[%emt 0:02:46]} 25. Qc3+ {[%emt 0:00:51]} Kg8 {[%emt 0:00:04]} 26. bxc6 {[%emt 0:00:11]} Rc7 {[%emt 0:01:07]} 27. Rd6 {[%emt 0:03:15]} Qf5+ {[%emt 0:01:14]} 28. Ka1 {[%emt 0:07:57]} Qxf2 {[%emt 0:01:11]} 29. Red1 {[%emt 0:00:49]} Qe2 {[%emt 0:18:21]} 30. Rd8 {[%emt 0:05:24]} 1/2-1/2